| 000 | 00528nmm a2200193Ia 4500 | ||
|---|---|---|---|
| 008 | 251105s9999||||xx |||||||||||||||||und|| | ||
| 020 | _a9788498417708 | ||
| 041 | _aspa | ||
| 100 | _aDostoievski, Fiódor M. | ||
| 245 | 0 | _aCuentos | |
| 264 |
_a[Madrid, España] : _bSiruela, _c2011 |
||
| 300 | _a524 páginas | ||
| 490 | _aTiempo de clásicos | ||
| 650 | _aOther narratives | ||
| 700 | _aDostoievski, Fiódor M. | ||
| 700 | 1 | _a Martinova, Bela | |
| 856 | _uhttps://public.digitaliapublishing.com/a/32037 | ||
| 942 | _cCF | ||
| 999 |
_c64882 _d64882 |
||